British Groups of Things #2 - Statistics

General Stats
  • This quiz has been taken 3,662 times
    2,585 since last reset
  • The average score is 21 of 52
Answer Stats
Answer % Correct
Brontë Sisters Anne
89%
The Famous Five by Enid Blyton Anne
89%
Most Watched Sports on TV Football
86%
London Airports Heathrow
82%
London Airports Gatwick
72%
Brontë Sisters Emily
71%
Wives of Henry VIII Anne Boleyn
68%
Brontë Sisters Charlotte
68%
Wives of Henry VIII Catherine of Aragon
66%
Most Watched Sports on TV Cricket
64%
Wives of Henry VIII Jane Seymour
60%
Three Peaks Ben Nevis
57%
Wives of Henry VIII Catherine Parr
56%
London Airports Luton
56%
Harry Potter Books Philosopher's Stone
55%
Most Watched Sports on TV Tennis
53%
Harry Potter Books Chamber of Secrets
52%
Commonwealth Games Teams England
51%
Commonwealth Games Teams Scotland
50%
Commonwealth Games Teams Wales
50%
Harry Potter Books Goblet of Fire
49%
Commonwealth Games Teams Northern Ireland
47%
Three Peaks Snowdon
47%
London Airports Stansted
47%
Harry Potter Books Deathly Hallows
46%
Harry Potter Books Half-Blood Prince
45%
Wives of Henry VIII Anne of Cleves
44%
London Airports City
43%
Harry Potter Books Order of the Phoenix
41%
Wives of Henry VIII Catherine Howard
40%
The Famous Five by Enid Blyton George
34%
Home Counties Kent
31%
Home Counties Essex
28%
The Famous Five by Enid Blyton Timothy
28%
Home Counties Surrey
27%
The Famous Five by Enid Blyton Dick
25%
Commonwealth Games Teams Isle of Man
25%
Commonwealth Games Teams Jersey
23%
Commonwealth Games Teams Guernsey
21%
Three Peaks Scafell Pike
20%
The Famous Five by Enid Blyton Julian
19%
Home Counties Berkshire
18%
Faces on English Banknotes Charles Darwin
18%
Home Counties Buckinghamshire
17%
Home Counties Hertfordshire
16%
Most Watched Sports on TV Rugby Union
16%
Faces on English Banknotes Elizabeth Fry
9%
Faces on English Banknotes Adam Smith
5%
Harry Potter Books Prisoners of Azkaban
3%
Faces on English Banknotes James Watt
2%
Faces on English Banknotes Matthew Boulton
1%
Faces on English Banknotes John Houblon
0%
No matching quizzes found
Score Distribution
Percent of People with Each Score
Percentile by Number Answered
Your Score History
You have not taken this quiz since the last reset